[Event "RUS-ch IPCA"]
[White "Palin, Denis"]
[Black "Kuprin, Vladimir"]
[Site "Volgograd"]
[Round "5"]
[Result "1/2-1/2"]
[Date "2017.05.04"]
[WhiteElo "2154"]
[BlackElo "2110"]
[PlyCount "73"]
[EventDate "2017.04.30"]
[EventType "swiss"]
[EventRounds "9"]
[EventCountry "RUS"]
[SourceTitle "CBM 178 Extra"]
[Source "ChessBase"]
[SourceDate "2017.06.22"]
[SourceVersion "1"]
[SourceVersionDate "2017.06.22"]
[SourceQuality "1"]

1. d4 d5 2. c4 c6 3. cxd5 cxd5 4. Nc3 Nf6 5. Nf3 Nc6 6. Bf4 e6 7. e3 Be7 8. h3 0-0 9. Bd3 Nh5 10. Bh2 f5 11. Ne5 Nf6 12. f4 Ne4 13. 0-0 Bd7 14. Nxe4 fxe4 15. Be2 Nxe5 16. fxe5 Qb6 17. Qd2 Bb4 18. Qd1 Rac8 19. Bg4 Rc7 20. a3 Be7 21. Qd2 Rfc8 22. Rfc1 Rc6 23. Bd1 Qc7 24. Rxc6 Qxc6 25. Qa5 a6 26. Qd2 Qc4 27. Bg3 Bb5 28. Bg4 Bd7 29. Rd1 Qc2 30. Be1 g6 31. Qxc2 Rxc2 32. Rd2 Rc1 33. Rd1 Bg5 34. Kf2 Rc7 35. Bc3 Be7 36. Rc1 Kf7 37. Bd2 1/2-1/2

[Event "RUS-ch IPCA"]
[White "Kuprin, Vladimir"]
[Black "Gedgafov, Chamal"]
[Site "Volgograd"]
[Round "4"]
[Result "1-0"]
[Date "2017.05.03"]
[WhiteElo "2110"]
[BlackElo "2219"]
[PlyCount "98"]
[EventDate "2017.04.30"]
[EventType "swiss"]
[EventRounds "9"]
[EventCountry "RUS"]
[SourceTitle "CBM 178 Extra"]
[Source "ChessBase"]
[SourceDate "2017.06.22"]
[SourceVersion "1"]
[SourceVersionDate "2017.06.22"]
[SourceQuality "1"]

1. e4 e6 2. d4 d5 3. Nd2 a6 4. Ngf3 c5 5. dxc5 Bxc5 6. Bd3 Ne7 7. Nb3 Bb6 8. Bg5 f6 9. Bd2 Nbc6 10. Qe2 0-0 11. 0-0 Qd6 12. h3 Nb4 13. e5 fxe5 14. Bxb4 Qxb4 15. Nxe5 Qh4 16. Rae1 Nc6 17. Nxc6 bxc6 18. Nd2 Bd7 19. Nf3 Rxf3 20. Qxf3 Rf8 21. Qe2 Bc7 22. Qg4 Qh6 23. h4 Qf6 24. b3 Rf7 25. Re3 e5 26. Qg3 Re7 27. Rf3 Qd6 28. Bf5 Be8 29. Re1 Qd8 30. Qg5 h6 31. Qg4 Qd6 32. h5 e4 33. Rh3 Qf6 34. Bc8 Kh8 35. Qf5 Re5 36. Qxf6 gxf6 37. g4 a5 38. Rhe3 Bb6 39. R3e2 c5 40. c4 Bc6 41. cxd5 Bxd5 42. Bf5 c4 43. Bxe4 Bf7 44. Bg6 Bxg6 45. Rxe5 fxe5 46. hxg6 Bd4 47. bxc4 Kg7 48. Kg2 Kxg6 49. Kf3 Kg5 1-0

[Event "RUS-ch IPCA"]
[White "Lukmanov, Artem"]
[Black "Kuprin, Vladimir"]
[Site "Volgograd"]
[Round "1"]
[Result "1/2-1/2"]
[Date "2017.04.30"]
[WhiteElo "1529"]
[BlackElo "2110"]
[PlyCount "56"]
[EventDate "2017.04.30"]
[EventType "swiss"]
[EventRounds "9"]
[EventCountry "RUS"]
[SourceTitle "CBM 178 Extra"]
[Source "ChessBase"]
[SourceDate "2017.06.22"]
[SourceVersion "1"]
[SourceVersionDate "2017.06.22"]
[SourceQuality "1"]

1. e4 c6 2. Nf3 d5 3. exd5 cxd5 4. d4 Nc6 5. Bb5 Nf6 6. 0-0 g6 7. Nc3 Bg7 8. Re1 0-0 9. Bxc6 bxc6 10. Ne5 Qd6 11. Bf4 Nh5 12. Bd2 f6 13. Nd3 e5 14. Ne2 Re8 15. Bb4 Qc7 16. Nc5 f5 17. dxe5 Bxe5 18. Ng3 Nxg3 19. hxg3 Bd7 20. Nb3 Bf6 21. Qd2 Re4 22. Ba5 Qc8 23. f3 Re8 24. Bc3 d4 25. Bb4 Be6 26. Bc5 Qd7 27. Nxd4 Bf7 28. Rad1 Rad8 1/2-1/2

[Event "RUS IPCA-ch"]
[White "Mulenko, Alexander"]
[Black "Kuprin, Vladimir"]
[Site "Nalchik"]
[Round "2"]
[Result "1/2-1/2"]
[Date "2015.05.01"]
[WhiteElo "2004"]
[BlackElo "2099"]
[PlyCount "86"]
[EventDate "2015.04.30"]
[EventType "swiss"]
[EventRounds "9"]
[EventCountry "RUS"]
[SourceTitle "EXT 2018"]
[Source "ChessBase"]
[SourceDate "2017.10.13"]
[SourceVersion "1"]
[SourceVersionDate "2017.10.13"]
[SourceQuality "1"]

1. Nf3 d5 2. c4 c6 3. d4 Nf6 4. Nc3 e6 5. Qd3 Nbd7 6. g3 Bd6 7. Bg2 0-0 8. 0-0 b6 9. Nd2 Bb7 10. e4 dxe4 11. Ndxe4 Be7 12. Bf4 Nxe4 13. Nxe4 Nf6 14. Rad1 Qd7 15. Be5 Ng4 16. Qe2 Nxe5 17. dxe5 Qc7 18. Nd6 Bxd6 19. Rxd6 Rfd8 20. Rfd1 Rxd6 21. Rxd6 Rd8 22. Qd3 Rxd6 23. Qxd6 Qxd6 24. exd6 Kf8 25. b4 Ke8 26. c5 Kd7 27. f4 Ba6 28. Bf1 Bc8 29. Kf2 b5 30. Ke3 Ke8 31. Bd3 Bd7 32. Kd4 Kf8 33. g4 h6 34. h4 f6 35. g5 Kf7 36. Bc2 Be8 37. Bb3 hxg5 38. hxg5 g6 39. Ke4 Bd7 40. a3 Kg7 41. Bd1 Kf7 42. a4 a6 43. a5 Kg7 1/2-1/2

[Event "Naukograd Koltsovo op"]
[White "Kuprin, Vladimir"]
[Black "Romanov, Viktor"]
[Site "Koltsovo"]
[Round "3"]
[Result "1-0"]
[Date "2007.??.??"]
[WhiteElo "2176"]
[BlackElo "2019"]
[PlyCount "59"]
[EventDate "2007.06.11"]
[EventType "swiss"]
[EventRounds "9"]
[EventCountry "RUS"]
[SourceTitle "EXT 2022"]
[Source "ChessBase"]
[SourceDate "2021.10.06"]
[SourceVersion "1"]
[SourceVersionDate "2021.10.06"]
[SourceQuality "1"]

1. e4 b6 2. d4 e6 3. Nf3 Bb7 4. Bd3 c5 5. 0-0 Nc6 6. d5 Nb4 7. Bc4 g6 8. Re1 Bg7 9. Qe2 a5 10. Na3 Ne7 11. c3 Na6 12. Nb5 0-0 13. Nd6 Qc7 14. Bf4 exd5 15. exd5 Nxd5 16. Bg3 b5 17. Bxb5 Qb6 18. Rad1 Nf6 19. Ne5 Nc7 20. Bxd7 Rad8 21. Nxb7 Qxb7 22. Ba4 Nh5 23. Rxd8 Rxd8 24. Bb3 Nxg3 25. Bxf7+ Kh8 26. hxg3 Qb6 27. Bc4 Rf8 28. Nd7 Qd6 29. Nxf8 Bxf8 30. Qe5+ 1-0

[Event "Naukograd Koltsovo op"]
[White "Petrukhin, Denis"]
[Black "Kuprin, Vladimir"]
[Site "Koltsovo"]
[Round "5"]
[Result "1-0"]
[Date "2007.??.??"]
[WhiteElo "2417"]
[BlackElo "2176"]
[PlyCount "63"]
[EventDate "2007.06.11"]
[EventType "swiss"]
[EventRounds "9"]
[EventCountry "RUS"]
[SourceTitle "EXT 2022"]
[Source "ChessBase"]
[SourceDate "2021.10.06"]
[SourceVersion "1"]
[SourceVersionDate "2021.10.06"]
[SourceQuality "1"]

1. e4 c6 2. d4 d5 3. Nd2 g6 4. c3 Bg7 5. Bd3 Nh6 6. Ngf3 0-0 7. 0-0 f6 8. Re1 Nf7 9. c4 e6 10. Qc2 Na6 11. a3 Nc7 12. b3 e5 13. exd5 cxd5 14. cxd5 exd4 15. Bb2 Nxd5 16. Bxd4 Bd7 17. Qb2 Nf4 18. Bf1 Ne6 19. Bc3 Nd6 20. Rad1 Qc7 21. Nc4 Nf5 22. Ne3 Nxe3 23. Rxe3 Rae8 24. Bc4 Kh8 25. Rde1 Qc8 26. Bb4 Nc5 27. Re7 b6 28. Ng5 h6 29. Nf7+ Kh7 30. Qxf6 Rxe7 31. Rxe7 Ne4 32. Ng5+ 1-0

[Event "Sibiria Region-ch"]
[White "Kuprin, Vladimir"]
[Black "Rusakov, Evgeny"]
[Site "Novosibirsk"]
[Round "8"]
[Result "0-1"]
[Date "2003.??.??"]
[WhiteElo "2178"]
[BlackElo "2057"]
[PlyCount "68"]
[EventDate "2003.05.??"]
[EventType "swiss"]
[EventRounds "9"]
[EventCountry "RUS"]
[SourceTitle "EXT 2008"]
[Source "ChessBase"]
[SourceDate "2007.11.25"]
[SourceVersion "1"]
[SourceVersionDate "2007.11.25"]
[SourceQuality "1"]

1. e4 Nf6 2. e5 Nd5 3. d4 d6 4. Nf3 Bg4 5. h3 Bh5 6. c4 Nb6 7. g4 Bg6 8. e6 fxe6 9. Bd3 Bxd3 10. Qxd3 Qd7 11. 0-0 g6 12. Ng5 Nc6 13. Re1 Bh6 14. Nxh7 0-0-0 15. Ng5 Bxg5 16. Bxg5 e5 17. d5 Nd4 18. Nc3 Nxc4 19. b3 Rdf8 20. f4 Nd2 21. Re3 exf4 22. Rxe7 Rxh3 23. Qxh3 N4f3+ 24. Kg2 Nxg5 25. Rxd7 f3+ 26. Qxf3 Rxf3 27. Rg7 Rxc3 28. Rxg6 Nde4 29. Kf1 Rc2 30. Rg8+ Kd7 31. Rf8 Ng3+ 32. Ke1 N5e4 33. Kd1 Re2 34. Kc1 Rh2 0-1